Statistics for The Only Remaining Asian Country . . .

Click here to take the quiz!

General Stats

  • This quiz has been taken 2,699 times
    (2,697 since last reset)
  • The average score is 34 of 48

Answers on the Map

Answers color-coded by a green-red scale on the quiz's map according to % correct below.
Loading ...
 

Answer Stats

The only country . . .Country% Correct
To have a population greater than 1 billionIndia
97%
To be a member of the EUCyprus
94%
To host a Summer OlympicsChina
94%
To have more than 1 million active military personnelNorth Korea
91%
To host a Winter OlympicsSouth Korea
90%
To win a FIFA World Cup (men's or women's)Japan
90%
To average more than 30 million international tourists per yearThailand
84%
To have a non-rectangular flagNepal
84%
To touch the Mediterranean SeaLebanon
84%
To be the site of one of the Seven Wonders of the Ancient WorldIraq
82%
To have a Top 4 FIFA World Cup finishTurkey
82%
To have once been an empire that controlled more than 10% of the world's landMongolia
81%
To be the birthplace of one of the world's four largest religionsSaudi Arabia
81%
To have a population density greater than 3,000 people per square kilometerSingapore
80%
To have an 8-letter sequence in its name without an A, E, I, O, or UKyrgyzstan
80%
To have more than 150,000,000 barrels of proven oil reservesIran
78%
To have nuclear weaponsPakistan
77%
To have a name that ends in -stanAfghanistan
77%
To be among the top 25 in the world in Human Development IndexIsrael
76%
To touch the Caspian SeaTurkmenistan
75%
To have an area greater than 1 million square kilometersIndonesia
75%
To touch the HimalayasBhutan
73%
To be home to more than 50 million ChristiansPhilippines
71%
To have a megacity (population greater than 10 million)Bangladesh
70%
To have won more than 50 Olympic medalsKazakhstan
70%
To touch a river associated with a "Cradle of civilization"Syria
68%
To have a name that would be worth more than 25 points in ScrabbleAzerbaijan
67%
To have an average elevation of greater than 2,000 meters above sea levelTajikistan
67%
To have a population of less than 1 millionMaldives
67%
To be a former Soviet Socialist RepublicGeorgia
66%
To win a Winter Olympic medalUzbekistan
64%
To touch the Persian GulfKuwait
63%
To be an island countryBahrain
62%
To have a capital that starts with BBrunei
62%
To have a building more than 500 meters tallTaiwan
62%
To have a name more than 9 letters longUnited Arab Emirates
62%
To touch the place of Earth's lowest elevationJordan
61%
To have a name consisting of multiple wordsEast Timor
60%
To have tropical rainforest (Köppen Af)Malaysia
60%
To have a population density of less than 25 people per square kilometerOman
60%
To have Arabic as an official languageYemen
59%
To have an area less than 15,000 square kilometersQatar
56%
To have a sword on their flagSri Lanka
55%
To have an Indo-European language as an official languageArmenia
55%
To touch the Tropic of CancerMyanmar
54%
To have a name less than six letters longLaos
54%
To have a capital whose name consists of multiple wordsCambodia
50%
To be in AsiaVietnam
48%

Score Distribution

Percentile by Number Answered

Percent of People with Each Score

Your Score History

You have not taken this quiz since the last reset